Energy conservation in existing buildings deskbook / (Record no. 11651)
[ view plain ]
| 000 -LEADER | |
|---|---|
| fixed length control field | 01035pam a2200241 a 4500 |
| 001 - CONTROL NUMBER | |
| control field | 4850034 |
| 005 - DATE AND TIME OF LATEST TRANSACTION | |
| control field | 19920205073809.3 |
| 008 - FIXED-LENGTH DATA ELEMENTS--GENERAL INFORMATION | |
| fixed length control field | 910326s1992 gaua f 001 0 eng |
| 010 ## - LIBRARY OF CONGRESS CONTROL NUMBER | |
| LC control number | 91003412 |
| 020 ## - INTERNATIONAL STANDARD BOOK NUMBER | |
| International Standard Book Number | 0132782502 |
| 040 ## - CATALOGING SOURCE | |
| Original cataloging agency | DLC |
| Transcribing agency | DLC |
| Modifying agency | DLC |
| 050 00 - LIBRARY OF CONGRESS CALL NUMBER | |
| Classification number | TJ163.5.B84 |
| Item number | E5275 1991 |
| 082 00 - DEWEY DECIMAL CLASSIFICATION NUMBER | |
| Classification number | 697 |
| Edition number | 20 |
| Item number | ENE |
| 245 00 - TITLE STATEMENT | |
| Title | Energy conservation in existing buildings deskbook / |
| Statement of responsibility, etc | edited by Albert Thumann. |
| 260 ## - PUBLICATION, DISTRIBUTION, ETC. (IMPRINT) | |
| Place of publication, distribution, etc | Lilburn, GA : |
| Name of publisher, distributor, etc | Fairmont Press ; |
| Place of publication, distribution, etc | Englewood Cliffs, NJ : |
| Name of publisher, distributor, etc | distributed by Prentice-Hall, |
| Date of publication, distribution, etc | c1992. |
| 300 ## - PHYSICAL DESCRIPTION | |
| Extent | xvii, 455 p. : |
| Other physical details | ill. ; |
| Dimensions | 28 cm. |
| 504 ## - BIBLIOGRAPHY, ETC. NOTE | |
| Bibliography, etc | Includes bibliographical references (p. 411-417) and index. |
| 650 #0 - SUBJECT ADDED ENTRY--TOPICAL TERM | |
| Topical term or geographic name as entry element | Buildings |
| General subdivision | Energy conservation |
| -- | Handbooks, manuals, etc. |
| 9 (RLIN) | 5447 |
| 700 1# - ADDED ENTRY--PERSONAL NAME | |
| Personal name | Thumann, Albert. |
| 9 (RLIN) | 5448 |
| 942 ## - ADDED ENTRY ELEMENTS (KOHA) | |
| Source of classification or shelving scheme | Dewey Decimal Classification |
| Item type | Book - Borrowing |
| Withdrawn status | Item status | Source of classification or shelving scheme | Damaged status | Not for loan | Vendor | Home library | Current library | Shelving location | Date acquired | Source of acquisition | Cost, normal purchase price | Serial Enumeration / chronology | Total Checkouts | Full call number | Barcode | Date last seen | Koha item type |
|---|---|---|---|---|---|---|---|---|---|---|---|---|---|---|---|---|---|
| Dewey Decimal Classification | Alahram | Central Library | Central Library | First floor | 27/05/2009 | 252.80 | 72 | 697 ENE | 000016538 | 15/07/2025 | Book - Borrowing |